La revolución darwinista: la ciencia al rojo vivo
Furkejuvvon:
| Váldodahkki: | |
|---|---|
| Materiálatiipa: | Girji |
| Giella: | espánnjágiella |
| Almmustuhtton: |
Madrid
Alianza
1983
|
| Ráidu: | Alianza Universidad
|
| Fáttát: | |
| Fáddágilkorat: |
Lasit fáddágilkoriid
Eai fáddágilkorat, Lasit vuosttaš fáddágilkora!
|
MARC
| LEADER | 00000nam a2200000 a 4500 | ||
|---|---|---|---|
| 001 | UCZ4601 | ||
| 003 | CL-VaPUC | ||
| 008 | 951110e19830000SP |||||||||||||||||spa|d | ||
| 082 | 0 | 4 | |a 501 |b RUS |2 21 |
| 100 | 0 | |a Ruse, Michael |e author |9 348603 | |
| 245 | 1 | 3 | |a La revolución darwinista: la ciencia al rojo vivo |
| 300 | |a 355 p | ||
| 942 | |c BK | ||
| 945 | |d 19951110 00:00:00 |a cmena | ||
| 260 | |a Madrid |b Alianza |c 1983 | ||
| 600 | 0 | |a Darwin Charles |9 398 | |
| 650 | 0 | |a Filosofía de las ciencias |9 256466 | |
| 650 | 0 | |a Ciencia |9 255691 | |
| 650 | 0 | |a Teología |9 258766 | |
| 650 | 0 | |a Historia |9 255047 | |
| 650 | 0 | |a Teología |9 258766 | |
| 650 | 0 | |a Política |9 255312 | |
| 583 | |a last modification |c 19951110 00:00:00 |k Rodrigo Vera | ||
| 490 | 0 | |a Alianza Universidad | |
| 999 | |c 240971 |d 240969 | ||
| 952 | |0 0 |1 0 |4 0 |6 501_000000000000000_RUS_1983 |7 0 |8 P |9 253107 |a BIBEDU |b BIBEDU |c BIBEDU_PB |d 2019-11-19 |i 1596357 |o 501 RUS 1983 |p 1596357 |r 2024-01-25 |w 2019-11-19 |y BK |k FIL | ||